000
00257nam a2200109Ia 4500
008
220204s9999 xx 000 0 und d
082
_a
82-3
_b
TOL.2
100
_a
Toltoy, L N
245
0
_a
War and peace. V 2
260
_a
England
_b
Penguin
_c
1978
942
_c
BK
999
_c
33046
_d
33046